JS Bach and the Rest of His Family - Statistics

General Stats
  • This quiz has been taken 26 times
  • The average score is 11 of 21
Answer Stats
initials name % Correct
CPE, his son {Carl}
100%
JS & 11 others {Johann}
100%
CPE, his son {Emanuel}
96%
CPE, his son {Philipp}
96%
JS himself {Sebastian}
96%
son JCF & grandson WFE {Friedrich}
83%
son WF & grandson WFE {Wilhelm}
83%
JC, his son {Christian}
70%
son JCF & uncle GC {Christoph}
70%
JL, his 2nd cousin {Ludwig}
61%
GC, his uncle {Georg}
48%
JJ, his brother {Jacob}
43%
JM, his father-in-law {Michael}
43%
WF, his son {Friedemann}
35%
awful, but fictional, Bach {PDQ}
35%
JA, his dad {Ambrosius}
26%
JB, his 2nd cousin {Bernhard}
17%
grandson WFE & dist cousin JE {Ernst}
17%
JN, his 2nd cousin {Nicolaus}
9%
JA, his uncle {Aegidius}
0%
JL, a distant cousin {Lorenz}
0%
No matching quizzes found
Score Distribution
Percent of People with Each Score
Percentile by Number Answered
Your Score History
You have not taken this quiz